[Event "Ruhrgebiet Verbandsklasse Gruppe 2 1617"]
[Site "Germany"]
[Date "2017.03.12"]
[Round "8.2"]
[White "Drewes, Martin"]
[Black "Kirstein, Dieter"]
[Result "1-0"]
[WhiteElo "1938"]
[BlackElo "1864"]
[PlyCount "123"]
[EventDate "2016.09.04"]
[EventType "team-tourn"]
[EventRounds "9"]
[EventCountry "GER"]
[SourceTitle "EXT 2022"]
[Source "ChessBase"]
[SourceDate "2021.10.06"]
[SourceVersion "1"]
[SourceVersionDate "2021.10.06"]
[SourceQuality "1"]
[WhiteTeam "Waltrop SV"]
[BlackTeam "Schueren"]
[WhiteTeamCountry "GER"]
[BlackTeamCountry "GER"]

1. e4 g6 2. d4 c5 3. c3 cxd4 4. cxd4 d5 5. exd5 Nf6 6. Bb5+ Bd7 7. Bc4 Bg7 8. Nc3 0-0 9. Nf3 Bg4 10. 0-0 Nbd7 11. h3 Nb6 12. Bb3 Bxf3 13. Qxf3 Qd7 14. Bf4 Rad8 15. d6 exd6 16. Bg5 Qf5 17. Qxf5 gxf5 18. Bc2 h6 19. Be3 Ne4 20. Nxe4 fxe4 21. Bxe4 d5 22. Bd3 Nc4 23. Bxc4 dxc4 24. Rac1 b5 25. b3 cxb3 26. axb3 Bxd4 27. Bxh6 Rfe8 28. Rfe1 Bb6 29. Bg5 Rc8 30. Rxe8+ Rxe8 31. Kf1 Re6 32. Rc3 Kg7 33. Be3 Ba5 34. Rc5 a6 35. Ke2 Bb6 36. Rc3 f5 37. Kf3 Ba5 38. Rc5 Kg6 39. Rd5 Rc6 40. Bc5 Bc7 41. Bb4 Re6 42. Bc3 Rc6 43. Be5 Bxe5 44. Rxe5 Kf6 45. Re3 a5 46. Rd3 Ke5 47. Ke3 Rc2 48. f4+ Ke6 49. g4 fxg4 50. hxg4 Rc5 51. Ke4 a4 52. f5+ Kf6 53. Rd6+ Ke7 54. Re6+ Kd7 55. bxa4 bxa4 56. Ra6 Rc4+ 57. Kf3 Ke7 58. Kg3 Rc3+ 59. Kf4 a3 60. Kg5 Kf7 61. Ra7+ Kg8 62. Kg6 1-0

[Event "Ruhrgebiet Verbandsklasse Gruppe 2 1617"]
[Site "Germany"]
[Date "2016.09.04"]
[Round "1.2"]
[White "Friedrichs, Klaus"]
[Black "Kirstein, Dieter"]
[Result "1-0"]
[WhiteElo "2222"]
[BlackElo "1872"]
[PlyCount "51"]
[EventDate "2016.09.04"]
[EventType "team-tourn"]
[EventRounds "9"]
[EventCountry "GER"]
[SourceTitle "EXT 2022"]
[Source "ChessBase"]
[SourceDate "2021.10.06"]
[SourceVersion "1"]
[SourceVersionDate "2021.10.06"]
[SourceQuality "1"]
[WhiteTeam "Brackel SF II"]
[BlackTeam "Schueren"]
[WhiteTeamCountry "GER"]
[BlackTeamCountry "GER"]

1. e4 e5 2. Nf3 Qe7 3. Bc4 d6 4. d4 Bg4 5. Nc3 c6 6. 0-0 Nf6 7. Be3 Nbd7 8. Re1 h6 9. b4 g5 10. b5 Bg7 11. bxc6 bxc6 12. d5 c5 13. Be2 Nb6 14. Nd2 Bd7 15. a4 Rb8 16. Bb5 0-0 17. Bxd7 Qxd7 18. a5 Na8 19. Nc4 Rfc8 20. Qd3 Nc7 21. Bd2 Nfe8 22. Ne3 Nb5 23. Nxb5 Qxb5 24. c4 Qd7 25. Nf5 Bf8 26. Qh3 1-0

[Event "Remote Jubilee Jadoube-B email"]
[Site "Remote email"]
[Date "2013.07.09"]
[Round "?"]
[White "Kirstein, Dieter"]
[Black "Langschmidt, Dirk"]
[Result "1/2-1/2"]
[WhiteElo "1913"]
[BlackElo "1980"]
[PlyCount "109"]
[EventDate "2013.??.??"]
[EventType "tourn (corr)"]
[EventRounds "8"]
[EventCountry "GER"]
[SourceTitle "Corr 2015"]
[Source "ChessBase"]
[SourceDate "2015.07.17"]
[SourceVersion "1"]
[SourceVersionDate "2015.07.17"]
[SourceQuality "1"]

1. Nc3 d5 2. e4 e6 3. d4 h6 4. Be3 Bb4 5. Bd3 c5 6. dxc5 Nf6 7. exd5 Nxd5 8. Bb5+ Nc6 9. Bd4 Qa5 10. Bxc6+ bxc6 11. Nge2 Ba6 12. 0-0 Bxe2 13. Nxe2 Bxc5 14. c3 Bxd4 15. Nxd4 Qb6 16. Qc2 0-0 17. Rfe1 Rad8 18. Re5 Rd7 19. Rae1 Rfd8 20. g3 Nf6 21. Kg2 Rd5 22. Nf3 Ng4 23. Rxd5 cxd5 24. h3 Nf6 25. Ne5 Qb7 26. f3 Rb8 27. Re2 Qa6 28. a3 Qb5 29. Rd2 Qb3 30. Qxb3 Rxb3 31. Nc6 Rb7 32. Na5 Rc7 33. Kf2 Kf8 34. Ke3 Ke7 35. g4 Nd7 36. Kd3 Ne5+ 37. Ke2 Nc4 38. Nxc4 Rxc4 39. Rd4 Kd6 40. Kd3 Rc6 41. Ra4 a6 42. Rb4 Ke5 43. Rb7 Kf6 44. b3 e5 45. a4 a5 46. c4 dxc4+ 47. bxc4 Rd6+ 48. Kc3 Rd1 49. Rb5 Rc1+ 50. Kd3 Rd1+ 51. Ke2 Rd4 52. Rc5 Ke6 53. Ke3 Kd6 54. Rc8 Kd7 55. Rc5 1/2-1/2

[Event "Remote Jubilee Jadoube-B email"]
[Site "Remote email"]
[Date "2013.07.09"]
[Round "?"]
[White "Vorobyev, Viktor Dmitrievich"]
[Black "Kirstein, Dieter"]
[Result "1/2-1/2"]
[WhiteElo "1953"]
[BlackElo "1913"]
[PlyCount "110"]
[EventDate "2013.??.??"]
[EventType "tourn (corr)"]
[EventRounds "8"]
[EventCountry "GER"]
[SourceTitle "Corr 2015"]
[Source "ChessBase"]
[SourceDate "2015.07.17"]
[SourceVersion "1"]
[SourceVersionDate "2015.07.17"]
[SourceQuality "1"]

1. d4 Nf6 2. c4 e6 3. a3 b6 4. Nc3 Bb7 5. Bg5 Be7 6. Nf3 d6 7. e4 Nbd7 8. e5 Bxf3 9. Qxf3 dxe5 10. d5 exd5 11. cxd5 0-0 12. Bb5 Nc5 13. Bxf6 Bxf6 14. Ne4 Nxe4 15. Qxe4 Qe7 16. 0-0 g6 17. Rac1 Bg5 18. f4 exf4 19. Qxe7 Bxe7 20. Rxc7 Bc5+ 21. Kh1 g5 22. Bc6 Rad8 23. Rxa7 Rd6 24. g3 fxg3 25. hxg3 f5 26. Rd7 Rh6+ 27. Kg2 f4 28. gxf4 gxf4 29. Rf3 Rg6+ 30. Kh2 Rh6+ 31. Rh3 Rxh3+ 32. Kxh3 f3 33. Bb5 f2 34. Kg2 h5 35. Bd3 h4 36. b4 Bd4 37. d6 h3+ 38. Kf1 h2 39. Bc4+ Kh8 40. Bd5 Rf5 41. Be4 Rg5 42. Ke2 Rg1 43. Rf7 Re1+ 44. Kd3 f1Q+ 45. Rxf1 Rxf1 46. Kxd4 h1Q 47. Bxh1 Rxh1 48. Kd5 Kg7 49. Kc6 Kf7 50. Kxb6 Rc1 51. a4 Ke6 52. a5 Kxd6 53. a6 Kd7 54. a7 Ra1 55. Kb7 Rb1 1/2-1/2

[Event "Remote Jubilee Jadoube-B email"]
[Site "Remote email"]
[Date "2013.07.09"]
[Round "?"]
[White "Zimmermann, Bernd"]
[Black "Kirstein, Dieter"]
[Result "1-0"]
[WhiteElo "2168"]
[BlackElo "1913"]
[PlyCount "49"]
[EventDate "2013.??.??"]
[EventType "tourn (corr)"]
[EventRounds "8"]
[EventCountry "GER"]
[SourceTitle "Corr 2015"]
[Source "ChessBase"]
[SourceDate "2015.07.17"]
[SourceVersion "1"]
[SourceVersionDate "2015.07.17"]
[SourceQuality "1"]

1. e4 d6 2. d4 Nf6 3. Nc3 g6 4. Bc4 Bg7 5. Nge2 0-0 6. 0-0 Nxe4 7. Nxe4 d5 8. Bd3 dxe4 9. Bxe4 c6 10. c3 Be6 11. Bd3 Nd7 12. Nf4 Bd5 13. c4 Be6 14. Be3 Nf6 15. Nxe6 fxe6 16. Qe2 Nh5 17. g3 Bxd4 18. Rad1 e5 19. c5 Nf6 20. Bc4+ Kh8 21. Bxd4 exd4 22. Qe5 Rc8 23. Be6 Qc7 24. f4 Qxe5 25. fxe5 1-0

[Event "Remote email"]
[Site "Remote email"]
[Date "2013.01.24"]
[Round "?"]
[White "Kirstein, Dieter"]
[Black "Kinte, Kunta"]
[Result "1-0"]
[WhiteElo "1908"]
[BlackElo "1972"]
[PlyCount "59"]
[EventDate "2013.??.??"]
[EventType "tourn (corr)"]
[EventRounds "6"]
[EventCountry "GER"]
[SourceTitle "Corr 2015"]
[Source "ChessBase"]
[SourceDate "2015.07.17"]
[SourceVersion "1"]
[SourceVersionDate "2015.07.17"]
[SourceQuality "1"]

1. Nc3 d5 2. e4 d4 3. Nce2 e5 4. Nf3 Bd6 5. Ng3 a6 6. Bc4 Nf6 7. d3 h6 8. a4 c5 9. 0-0 0-0 10. Nh4 Nc6 11. Nhf5 Bc7 12. f4 Re8 13. Qe2 Be6 14. b3 Bxc4 15. bxc4 Kh7 16. Bd2 exf4 17. Bxf4 Bxf4 18. Rxf4 g6 19. Nh4 g5 20. Rxf6 Qxf6 21. Rf1 Qe6 22. Nhf5 Ne5 23. a5 b6 24. Nh5 Rg8 25. Nfg3 Rg6 26. axb6 Qxb6 27. Qf2 Ra7 28. Nf6+ Kh8 29. Qf5 Qd6 30. Qc8+ 1-0

[Event "Remote S7E Easy-161 email"]
[Site "Remote email"]
[Date "2013.01.20"]
[Round "?"]
[White "Kirstein, Dieter"]
[Black "Henkel, Phil"]
[Result "1/2-1/2"]
[WhiteElo "1947"]
[BlackElo "1816"]
[PlyCount "55"]
[EventDate "2013.??.??"]
[EventType "tourn (corr)"]
[EventRounds "6"]
[EventCountry "GER"]
[SourceTitle "Corr 2015"]
[Source "ChessBase"]
[SourceDate "2015.07.17"]
[SourceVersion "1"]
[SourceVersionDate "2015.07.17"]
[SourceQuality "1"]

1. d4 c5 2. e4 cxd4 3. c3 dxc3 4. Bc4 e6 5. Nf3 Bc5 6. Nxc3 Nc6 7. 0-0 a6 8. Qe2 b5 9. Bb3 Bb7 10. Bg5 Qc7 11. Rac1 Qb6 12. Rfd1 Nge7 13. Bf4 Ng6 14. Bd6 Bxd6 15. Rxd6 Rd8 16. Nd5 Qa7 17. Ne3 Qb8 18. Rcd1 Qc8 19. Qd2 0-0 20. Rxd7 Rxd7 21. Qxd7 Rd8 22. Qxc8 Bxc8 23. Rxd8+ Nxd8 24. Nd4 Bb7 25. f3 Nc6 26. Ne2 Nge5 27. Bc2 Nb4 28. Bb1 1/2-1/2

[Event "Remote S7E Easy-161 email"]
[Site "Remote email"]
[Date "2013.01.20"]
[Round "?"]
[White "Klebe, Dieter"]
[Black "Kirstein, Dieter"]
[Result "0-1"]
[WhiteElo "1635"]
[BlackElo "1947"]
[PlyCount "58"]
[EventDate "2013.??.??"]
[EventType "tourn (corr)"]
[EventRounds "6"]
[EventCountry "GER"]
[SourceTitle "Corr 2015"]
[Source "ChessBase"]
[SourceDate "2015.07.17"]
[SourceVersion "1"]
[SourceVersionDate "2015.07.17"]
[SourceQuality "1"]

1. e4 g6 2. Nf3 Bg7 3. d4 c5 4. d5 d6 5. Be2 Nf6 6. Nc3 a6 7. 0-0 b5 8. a4 b4 9. a5 bxc3 10. bxc3 Nxe4 11. Ra4 Nxc3 12. Qd3 Nxa4 13. c4 0-0 14. Ng5 Bf5 15. Qb3 Nc3 16. Re1 Nd7 17. Bd2 Rb8 18. Qa3 Nxe2+ 19. Rxe2 Ne5 20. Qa2 h6 21. Ne4 Rb2 22. Qa3 Bxe4 23. h3 e6 24. Rxe4 Rxd2 25. Rf4 Qg5 26. Rf3 Nxf3+ 27. Qxf3 Be5 28. Qb3 Qf4 29. Qf3 Qh2+ 0-1

[Event "Remote S7E Basic-62 email"]
[Site "Remote email"]
[Date "2013.01.13"]
[Round "?"]
[White "Strohmeier, Josef"]
[Black "Kirstein, Dieter"]
[Result "1/2-1/2"]
[WhiteElo "1867"]
[BlackElo "1966"]
[PlyCount "66"]
[EventDate "2013.??.??"]
[EventType "tourn (corr)"]
[EventRounds "6"]
[EventCountry "GER"]
[SourceTitle "Corr 2015"]
[Source "ChessBase"]
[SourceDate "2015.07.17"]
[SourceVersion "1"]
[SourceVersionDate "2015.07.17"]
[SourceQuality "1"]

1. e4 g6 2. d4 c5 3. Nf3 Bg7 4. c3 cxd4 5. cxd4 d5 6. e5 Nc6 7. Bb5 Bg4 8. h3 Bxf3 9. Bxc6+ bxc6 10. Qxf3 Qb6 11. Qc3 e6 12. 0-0 Ne7 13. b3 Nf5 14. Bb2 Rc8 15. Na3 c5 16. dxc5 Rxc5 17. Qd3 Rc8 18. Rac1 0-0 19. Nb5 Bh6 20. Rxc8 Rxc8 21. g4 Ne7 22. Nd6 Rc6 23. Ne8 Bg7 24. Nf6+ Kh8 25. g5 Nf5 26. Ng4 Qc7 27. f4 h5 28. Nh2 Bf8 29. Re1 Rc2 30. Re2 Rc6 31. Nf1 Bc5+ 32. Kh2 Bb6 33. Ng3 Nxg3 1/2-1/2

[Event "Remote Jubilee Jadoube-A email"]
[Site "Remote email"]
[Date "2013.01.01"]
[Round "1"]
[White "Kirstein, Dieter"]
[Black "Vorobyev, Viktor Dmitrievich"]
[Result "0-1"]
[WhiteElo "1908"]
[BlackElo "2014"]
[PlyCount "46"]
[EventDate "2013.??.??"]
[EventType "tourn (corr)"]
[EventRounds "9"]
[EventCountry "GER"]
[SourceTitle "Corr 2015"]
[Source "ChessBase"]
[SourceDate "2015.07.17"]
[SourceVersion "1"]
[SourceVersionDate "2015.07.17"]
[SourceQuality "1"]

1. Nc3 c5 2. d4 cxd4 3. Qxd4 Nc6 4. Qh4 Nf6 5. Bg5 d5 6. Nf3 e5 7. 0-0-0 Be7 8. Nxd5 Qa5 9. Bxf6 gxf6 10. Nxe7 Kxe7 11. a3 Bf5 12. e4 Bg6 13. Bc4 Rhd8 14. Rd5 Rxd5 15. exd5 Qa4 16. d6+ Kf8 17. Qh6+ Kg8 18. Bb3 Qg4 19. Nh4 Nd4 20. f3 Nxb3+ 21. cxb3 Rc8+ 22. Kd1 Qd4+ 23. Qd2 Qxh4 0-1

[Event "Remote Jubilee Jadoube-A email"]
[Site "Remote email"]
[Date "2013.01.01"]
[Round "1"]
[White "Kirstein, Dieter"]
[Black "Zimmermann, Bernd"]
[Result "0-1"]
[WhiteElo "1908"]
[BlackElo "2094"]
[PlyCount "54"]
[EventDate "2013.??.??"]
[EventType "tourn (corr)"]
[EventRounds "9"]
[EventCountry "GER"]
[SourceTitle "Corr 2015"]
[Source "ChessBase"]
[SourceDate "2015.07.17"]
[SourceVersion "1"]
[SourceVersionDate "2015.07.17"]
[SourceQuality "1"]

1. Nc3 g6 2. d4 Bg7 3. h4 h5 4. Nf3 d6 5. e4 Nc6 6. Be3 Bd7 7. Bc4 Nf6 8. Ng5 0-0 9. f3 a6 10. Qd2 b5 11. Bb3 Na5 12. 0-0-0 Nxb3+ 13. axb3 a5 14. e5 Nh7 15. Nce4 Nxg5 16. Bxg5 Re8 17. exd6 cxd6 18. Nxd6 Rf8 19. Nb7 Qc7 20. Nc5 Bf5 21. Rhe1 e5 22. Ne4 a4 23. b4 Bxe4 24. fxe4 a3 25. b3 exd4 26. Qd3 Rfc8 27. Re2 Qa7 0-1

[Event "Remote S5E No Engine email"]
[Site "Remote email"]
[Date "2012.12.23"]
[Round "?"]
[White "Wiedmann, Jochen"]
[Black "Kirstein, Dieter"]
[Result "0-1"]
[WhiteElo "2002"]
[BlackElo "1908"]
[PlyCount "68"]
[EventDate "2012.??.??"]
[EventType "tourn (corr)"]
[EventRounds "6"]
[EventCountry "GER"]
[SourceTitle "Corr 2015"]
[Source "ChessBase"]
[SourceDate "2015.07.17"]
[SourceVersion "1"]
[SourceVersionDate "2015.07.17"]
[SourceQuality "1"]

1. d4 f5 2. Nf3 Nf6 3. h3 d5 4. Bf4 e6 5. e3 c6 6. Nbd2 Nbd7 7. c4 Be7 8. cxd5 exd5 9. Rc1 0-0 10. Bd3 Ne4 11. 0-0 Ndf6 12. Ne5 Bd7 13. f3 Nxd2 14. Qxd2 Rc8 15. Qc2 g6 16. Nxd7 Nxd7 17. Bh6 Bg5 18. Bxg5 Qxg5 19. Rfe1 Rfe8 20. Qf2 Nf6 21. Kh2 Re7 22. Qg3 Qxg3+ 23. Kxg3 Rce8 24. Kf2 Kg7 25. b4 a6 26. a4 Nh5 27. g4 fxg4 28. hxg4 Nf6 29. b5 axb5 30. axb5 Re6 31. bxc6 bxc6 32. Rc3 Rb8 33. Be2 Rb6 34. f4 Ne4+ 0-1

[Event "Remote S7E Starter-41 email"]
[Site "Remote email"]
[Date "2012.12.21"]
[Round "?"]
[White "Kirstein, Dieter"]
[Black "Kahl, Karl Heinz"]
[Result "0-1"]
[WhiteElo "1930"]
[BlackElo "2190"]
[PlyCount "62"]
[EventDate "2012.??.??"]
[EventType "tourn (corr)"]
[EventRounds "6"]
[EventCountry "GER"]
[SourceTitle "Corr 2015"]
[Source "ChessBase"]
[SourceDate "2015.07.17"]
[SourceVersion "1"]
[SourceVersionDate "2015.07.17"]
[SourceQuality "1"]

1. e4 e5 2. Nf3 Nc6 3. Bc4 Be7 4. 0-0 Nf6 5. d3 0-0 6. Nc3 d6 7. h3 Na5 8. Be3 Nxc4 9. dxc4 b6 10. Nd2 Be6 11. Nd5 Nd7 12. b4 f5 13. f3 f4 14. Bf2 c6 15. Nc3 Bh4 16. Qe2 Bxf2+ 17. Rxf2 Nf6 18. Rd1 Qe7 19. a4 Rfd8 20. b5 Rac8 21. bxc6 Rxc6 22. Nd5 Bxd5 23. exd5 Rc7 24. Rb1 Rdc8 25. Rb5 Nd7 26. a5 bxa5 27. Rxa5 Nb6 28. Rf1 Nxc4 29. Nxc4 Rxc4 30. Rc1 Qb7 31. Qf2 Qb2 0-1

[Event "Remote S7E Starter-41 email"]
[Site "Remote email"]
[Date "2012.12.21"]
[Round "?"]
[White "Peschen, Rainer"]
[Black "Kirstein, Dieter"]
[Result "1-0"]
[WhiteElo "2070"]
[BlackElo "1930"]
[PlyCount "83"]
[EventDate "2012.??.??"]
[EventType "tourn (corr)"]
[EventRounds "6"]
[EventCountry "GER"]
[SourceTitle "Corr 2015"]
[Source "ChessBase"]
[SourceDate "2015.07.17"]
[SourceVersion "1"]
[SourceVersionDate "2015.07.17"]
[SourceQuality "1"]

1. d4 Nf6 2. f3 d5 3. e4 dxe4 4. Nc3 exf3 5. Nxf3 g6 6. Bf4 Bg7 7. Qd2 c6 8. 0-0-0 Qa5 9. Bc4 0-0 10. h4 Bg4 11. Rde1 Nbd7 12. Bb3 e6 13. Nh2 h5 14. Kb1 b5 15. Nxg4 Nxg4 16. Bd6 Rfe8 17. Qf4 b4 18. Ne4 Qf5 19. Qd2 a5 20. Bc7 Bh6 21. Qe2 Qb5 22. Qf3 Qf5 23. Nd6 Qxf3 24. gxf3 Ngf6 25. Nxe8 Nxe8 26. Bh2 Nb6 27. a4 bxa3 28. bxa3 a4 29. Bxe6 fxe6 30. Rxe6 Kf7 31. Rxc6 Nd5 32. c4 Ne7 33. Rb6 Be3 34. Bg1 Nf5 35. Bxe3 Nxe3 36. Rb7+ Kf6 37. c5 Nd5 38. Re1 Nec7 39. Kc2 Ra6 40. Kd3 Kf5 41. Re5+ Kf6 42. Kc4 1-0

[Event "Remote S7E Basic-61 email"]
[Site "Remote email"]
[Date "2012.12.10"]
[Round "?"]
[White "Strohmeier, Josef"]
[Black "Kirstein, Dieter"]
[Result "0-1"]
[WhiteElo "1855"]
[BlackElo "1947"]
[PlyCount "24"]
[EventDate "2012.??.??"]
[EventType "tourn (corr)"]
[EventRounds "6"]
[EventCountry "GER"]
[SourceTitle "Corr 2015"]
[Source "ChessBase"]
[SourceDate "2015.07.17"]
[SourceVersion "1"]
[SourceVersionDate "2015.07.17"]
[SourceQuality "1"]

1. e4 e6 2. d4 d5 3. Nc3 Nf6 4. Bg5 Be7 5. e5 Nfd7 6. Bxe7 Qxe7 7. f4 c5 8. Nf3 Nc6 9. Be2 a6 10. a4 0-0 11. 0-0 cxd4 12. Nxd4 Qc5 0-1

[Event "Remote S5E No Engine email"]
[Site "Remote email"]
[Date "2012.12.06"]
[Round "?"]
[White "Klebe, Dieter"]
[Black "Kirstein, Dieter"]
[Result "0-1"]
[WhiteElo "1485"]
[BlackElo "1908"]
[PlyCount "110"]
[EventDate "2012.??.??"]
[EventType "tourn (corr)"]
[EventRounds "6"]
[EventCountry "GER"]
[SourceTitle "Corr 2015"]
[Source "ChessBase"]
[SourceDate "2015.07.17"]
[SourceVersion "1"]
[SourceVersionDate "2015.07.17"]
[SourceQuality "1"]

1. e4 e5 2. Nf3 Qe7 3. Nc3 c6 4. Bc4 d6 5. 0-0 Nf6 6. Be2 Bg4 7. d4 Nbd7 8. d5 cxd5 9. exd5 Rc8 10. Nb5 a6 11. Na3 Nc5 12. Nc4 b5 13. Ne3 Bh5 14. Nf5 Qd7 15. N3h4 Bg6 16. Ng3 Be7 17. Bg5 Nfe4 18. Bxe7 Qxe7 19. Nxg6 hxg6 20. Nxe4 Nxe4 21. Bg4 Qh4 22. h3 f5 23. Bf3 Ng5 24. c3 e4 25. Bg4 fxg4 26. Qxg4 Qxg4 27. hxg4 Kd7 28. f4 exf3 29. gxf3 Rc5 30. f4 Nh3+ 31. Kg2 Rxd5 32. f5 gxf5 33. Rxf5 Rxf5 34. gxf5 Nf4+ 35. Kf3 Nd3 36. b4 Ne5+ 37. Kf4 Rh3 38. Kg5 Rxc3 39. f6 gxf6+ 40. Kxf6 Rc4 41. a3 Ng4+ 42. Kf5 d5 43. Re1 Re4 44. Rxe4 dxe4 45. Kxe4 Kc6 46. Kf4 Kd5 47. Kxg4 Kc4 48. Kf5 Kb3 49. Ke5 Kxa3 50. Kd5 Kxb4 51. Kd4 a5 52. Kd3 Kb3 53. Kd2 Kb2 54. Kd3 a4 55. Kd2 a3 0-1

[Event "Remote S7E Basic-60 email"]
[Site "Remote email"]
[Date "2012.11.22"]
[Round "?"]
[White "Cabrera Trujillo, Claudio Tomas"]
[Black "Kirstein, Dieter"]
[Result "1-0"]
[WhiteElo "1806"]
[BlackElo "2007"]
[PlyCount "31"]
[EventDate "2012.??.??"]
[EventType "tourn (corr)"]
[EventRounds "6"]
[EventCountry "GER"]
[SourceTitle "Corr 2015"]
[Source "ChessBase"]
[SourceDate "2015.07.17"]
[SourceVersion "1"]
[SourceVersionDate "2015.07.17"]
[SourceQuality "1"]

1. d4 Nf6 2. c4 d6 3. Nf3 g6 4. g3 Bg7 5. Bg2 0-0 6. Nc3 c6 7. e4 Qc7 8. 0-0 Nbd7 9. h3 e5 10. Be3 Nh5 11. Rc1 exd4 12. Nxd4 Ne5 13. b3 Be6 14. Qd2 Qd7 15. Kh2 Rfd8 16. f4 1-0

[Event "Remote S7E Easy-156 email"]
[Site "Remote email"]
[Date "2012.11.06"]
[Round "?"]
[White "Wiedmann, Jochen"]
[Black "Kirstein, Dieter"]
[Result "0-1"]
[WhiteElo "2056"]
[BlackElo "1933"]
[PlyCount "76"]
[EventDate "2012.??.??"]
[EventType "tourn (corr)"]
[EventRounds "6"]
[EventCountry "GER"]
[SourceTitle "Corr 2015"]
[Source "ChessBase"]
[SourceDate "2015.07.17"]
[SourceVersion "1"]
[SourceVersionDate "2015.07.17"]
[SourceQuality "1"]

1. d4 Nf6 2. Nf3 c5 3. dxc5 Qc7 4. Bf4 Qxf4 5. c3 Nc6 6. e3 Qh6 7. Na3 a6 8. Nc4 Ne4 9. Nb6 Rb8 10. Bd3 Nxc5 11. Nxc8 Nxd3+ 12. Qxd3 Rxc8 13. Rd1 d6 14. 0-0 Qg6 15. e4 e6 16. c4 Be7 17. Qb3 0-0 18. Qxb7 Qxe4 19. Rfe1 Qxc4 20. b3 Qb5 21. Qxb5 axb5 22. a4 bxa4 23. bxa4 Ra8 24. Ra1 Ra5 25. Rec1 Bf6 26. Rab1 Nd4 27. Nxd4 Bxd4 28. Rc4 e5 29. Rb5 Rxb5 30. axb5 g6 31. Rb4 Rb8 32. Kf1 f5 33. Ke2 Kf7 34. f3 Ke6 35. Kd3 Kd5 36. Rb1 e4+ 37. fxe4+ fxe4+ 38. Ke2 Kc4 0-1

[Event "Remote S7E-146 email"]
[Site "Remote email"]
[Date "2012.11.01"]
[Round "?"]
[White "Kirstein, Dieter"]
[Black "Pieleck, Rudolf"]
[Result "1-0"]
[WhiteElo "1671"]
[BlackElo "1661"]
[PlyCount "75"]
[EventDate "2012.??.??"]
[EventType "tourn (corr)"]
[EventRounds "6"]
[EventCountry "GER"]
[SourceTitle "Corr 2015"]
[Source "ChessBase"]
[SourceDate "2015.07.17"]
[SourceVersion "1"]
[SourceVersionDate "2015.07.17"]
[SourceQuality "1"]

1. Nc3 e6 2. d4 Bb4 3. Nf3 d5 4. Bf4 Nf6 5. a3 Bxc3+ 6. bxc3 0-0 7. e3 Ne4 8. Bd3 Nxc3 9. Qd2 Na4 10. 0-0 Bd7 11. c4 dxc4 12. Bxc4 b5 13. Ba2 Nc6 14. Rfd1 Qe7 15. Bxc7 Rac8 16. Bg3 Qxa3 17. Bxe6 Qe7 18. Bb3 Nb6 19. Ne5 Nxe5 20. Bxe5 Nc4 21. Bxc4 bxc4 22. Rxa7 Qe6 23. Qc3 Bb5 24. Rb1 Qb6 25. Ra5 f6 26. Raxb5 Qc6 27. Bf4 Qe4 28. f3 Qd3 29. Qxd3 cxd3 30. Rd1 Rc3 31. Rb8 g5 32. Rxf8+ Kxf8 33. Bd6+ Kf7 34. Rd2 Rc1+ 35. Kf2 Rc6 36. Bc5 Ke6 37. e4 f5 38. d5+ 1-0

[Event "Remote S7E-146 email"]
[Site "Remote email"]
[Date "2012.11.01"]
[Round "?"]
[White "Matzen, Jan"]
[Black "Kirstein, Dieter"]
[Result "1-0"]
[WhiteElo "1800"]
[BlackElo "1671"]
[PlyCount "57"]
[EventDate "2012.??.??"]
[EventType "tourn (corr)"]
[EventRounds "6"]
[EventCountry "GER"]
[SourceTitle "Corr 2015"]
[Source "ChessBase"]
[SourceDate "2015.07.17"]
[SourceVersion "1"]
[SourceVersionDate "2015.07.17"]
[SourceQuality "1"]

1. e4 g6 2. d4 c5 3. Nf3 Bg7 4. dxc5 Qa5+ 5. Nc3 Qxc5 6. Bd2 d6 7. Nd5 Be6 8. Bb5+ Nd7 9. Be3 Qc8 10. Bd4 f6 11. 0-0 Kf7 12. Rc1 Nh6 13. h3 Rd8 14. c4 Ne5 15. c5 Bxd5 16. exd5 Qb8 17. cxd6 exd6 18. Nh4 a6 19. Bb6 axb5 20. Bc7 Qa7 21. Bxd8 Rxd8 22. Qb3 Qa4 23. Qxa4 bxa4 24. f4 Nd7 25. Rc7 b6 26. Re1 Kf8 27. Re6 Nf7 28. a3 Nc5 29. Ree7 1-0

[Event "Remote S7E-145 email"]
[Site "Remote email"]
[Date "2012.10.21"]
[Round "?"]
[White "Hauswald, Frank"]
[Black "Kirstein, Dieter"]
[Result "0-1"]
[WhiteElo "2074"]
[BlackElo "1671"]
[PlyCount "114"]
[EventDate "2012.??.??"]
[EventType "tourn (corr)"]
[EventRounds "6"]
[EventCountry "GER"]
[SourceTitle "Corr 2015"]
[Source "ChessBase"]
[SourceDate "2015.07.17"]
[SourceVersion "1"]
[SourceVersionDate "2015.07.17"]
[SourceQuality "1"]

1. d4 Nf6 2. c4 e6 3. a3 d5 4. e3 Be7 5. Nf3 0-0 6. Nbd2 Nbd7 7. b3 c5 8. Bb2 cxd4 9. exd4 b6 10. Ne5 Bb7 11. Qf3 Qc7 12. Qg3 Nxe5 13. dxe5 Ne4 14. Nxe4 dxe4 15. Be2 Rad8 16. 0-0 Rd2 17. Bc1 Rxe2 18. Bh6 g6 19. Bxf8 Bxf8 20. Rfe1 Rxe1+ 21. Rxe1 Bxa3 22. Ra1 Qc5 23. h3 a5 24. Qg5 Qe7 25. Qxe7 Bxe7 26. Rd1 Bc6 27. Kf1 Kf8 28. Ke2 Ke8 29. Ke3 Bc5+ 30. Ke2 Ke7 31. g3 h5 32. g4 hxg4 33. hxg4 a4 34. bxa4 Bxa4 35. Ra1 Bb3 36. Rc1 Bd4 37. f4 exf3+ 38. Kxf3 Bxe5 39. Rb1 Bxc4 40. Rxb6 Bd5+ 41. Ke3 Kf6 42. Ra6 Kg5 43. Ra4 f5 44. gxf5 gxf5 45. Ra7 f4+ 46. Kd3 f3 47. Ke3 Bf4+ 48. Kf2 Bd6 49. Ra5 Kf5 50. Ke3 Bf4+ 51. Kf2 Bg5 52. Ra4 Be4 53. Ra6 e5 54. Ra1 Kf4 55. Rh1 Bf5 56. Ke1 Ke3 57. Rh2 f2+ 0-1